| 000 | 00348nam a22001457a 4500 | ||
|---|---|---|---|
| 005 | 20250628101607.0 | ||
| 008 | 250628b |||||||| |||| 00| 0 eng d | ||
| 050 |
_aBS1192 _b.5 DUM |
||
| 100 | _aDUMBRELL J. WILLIAM | ||
| 245 | _aTHE FAITH OF ISRAEL | ||
| 250 | _a2ND | ||
| 260 |
_aLEICESTER _bAPOLLOS _cc1988 |
||
| 300 | _a347p | ||
| 942 |
_2lcc _cBK _n0 |
||
| 999 |
_c6751 _d6751 |
||